000 00773 a2200205 4500
999 _c3284
_d3284
020 _a9781783269761 (hc : alk. paper)
050 0 0 _aHD 62.5 TEC 2016
245 1 0 _aTechnology entrepreneurship and business incubation :
_btheory, practice, lessons learned /
_cedited by Phillip H. Phan, Sarfraz A Mian and Wadid Lamine
264 1 _aLondon :
_bImperial College Press,
_c2016
300 _axiv, 297 pages :
_bill. ;
500 _aincudes index
650 0 _aBusiness incubators.
650 0 _aTechnological innovations
_xEconomic aspects.
650 0 _aNew business enterprises.
650 0 _aHigh technology industries.
650 0 _aEntrepreneurship.
700 1 _aMian, Sarfraz A.,
_d1952-
_eeditor
700 1 _aLamine, Wadid,
_eeditor
942 _2lcc
_cBK
_h62.5
_iTEC
_kHD